Sto otázok a odpovedí k zákonu o Sociálnej poisťovni príručka pre mzdových účtovníkov

Bibliographic Details
Format: Book
Language:Slovak
PhysicalDescription:36 s. 21 cm
Published: Bratislava Vzdelávacia a informačná agentúra 1995
ISBN:8096724517
Subjects:

MARC

LEADER 00000nam a2200000 a 4500
001 vtls001059401
003 SK-MaSNL
005 20260301061711.0
008 250414s1995 xo r slo
015 |a SNBA1995/1202988 
020 |a 8096724517  |q (brož.) 
035 |a SNK000002220 
035 |a urn:nbn:sk:snk-amke0p 
035 |a urn:nbn:sk:snk-am003dyp 
035 |a 8CDEBA89-DF89-4B74-97F1-26C7854719F4 
040 |a SNK  |b slo  |c SNK  |e AACR2 
041 0 |a slo 
044 |a xo  |c SK 
080 |a 368.4(076.3)  |2 1981 
245 0 0 |a Sto otázok a odpovedí k zákonu o Sociálnej poisťovni  |b príručka pre mzdových účtovníkov 
260 |a Bratislava  |b Vzdelávacia a informačná agentúra  |c 1995 
300 |a 36 s.  |c 21 cm 
650 0 7 |a sociálne poistenie  |2 SNK  |9 29221 
655 7 |a príručky  |2 SNK  |9 74364 
852 |a Slovenská národná knižnica 
919 |a 80-967245-1-7 
954 |a poistenie sociálne 
958 |a TL 
958 |a BQ 
999 |c 618039  |d 619969 
952 |t P60, <09>, [BOOK], {629}  |a SNK  |b SNK  |y NEVYP  |7 0  |o snkC 1681  |i snk3197/951010  |0 0  |1 0  |4 0  |d 1995-10-09  |l 0  |r 2004-12-31 00:00:00  |w 2026-02-23 
952 |a SNK  |b SNK  |y PREZ  |7 0  |p 17A1023391  |o snkSC 89087  |i snkKSP 8476/95  |0 0  |1 0  |4 0  |d 1995-10-09  |f 1  |l 0  |r 2025-09-08 00:00:00  |w 2026-02-23 
952 |a SNK  |b SNK  |y PREZ  |7 0  |p 17A1013755  |o snkSC 89087  |0 0  |1 0  |4 0  |d 2012-08-21  |l 0  |r 2026-02-23 16:45:00  |w 2026-02-23